Cestná sieť ako komplexný graf

Gespeichert in:
Bibliographische Detailangaben
1. Verfasser: Páleník, Peter, 1992- (Verfasst von)
Weitere Verfasser: Bou Ezzeddine, Anna, 1960- (Betreuung Doktorarbeit)
Format: Manuskript Buch
Sprache:Slowakisch
Veröffentlicht: Bratislava : STU v Bratislave FIIT, 2013
Schlagworte:
Online-Zugang:VAIS
Tags: Tag hinzufügen
Keine Tags, Fügen Sie das erste Tag hinzu!

MARC

LEADER 00000ntm a22000003a 4500
001 stu275781
005 20150617230237.3
008 131005s2013----xo------------------slo-d
040 |a STU  |b slo 
041 0 |a slo 
044 |a xo 
100 1 |a Páleník, Peter,  |d 1992-  |4 aut  |u I200  |U FIIT Fakulta informatiky a informačných technológií  |T FIIT Ústav informatiky a softvérového inžinierstva  |X 5727  |U I200  |Y 179  |7 A000005727 
242 0 0 |a Road network as a complex graph  |y eng 
245 1 |a Cestná sieť ako komplexný graf 
260 |a Bratislava :  |b STU v Bratislave FIIT,  |c 2013 
300 |a 38 s  |c príl. 
650 7 |a informatika  |2 stusub 
650 7 |a Informatics  |2 estusub 
650 7 |a siete malého sveta  |2 stusub 
700 1 |a Bou Ezzeddine, Anna,  |d 1960-  |4 ths  |u I200  |U FIIT Fakulta informatiky a informačných technológií  |T FIIT Ústav informatiky a softvérového inžinierstva  |X 2127  |U I200  |Y 179  |7 2127 
856 4 |a info a plný text  |u http://is.stuba.sk/zp/portal_zp.pl?podrobnosti=77730  |3 VAIS 
996 |b IBAP80/13  |c I*BAP80/13  |l II680  |s A  |a 24  |w stu275781_0001